Goodman & Gilman’s the pharmacological basis of therapeutics (Record no. 30557)

MARC details
000 -LEADER
fixed length control field 00590nam a2200193Ia 4500
020 ## - INTERNATIONAL STANDARD BOOK NUMBER
ISBN 9781259584732
050 ## - CALL MARK
Classification number RM 300 .G66/
100 ## - STATEMENT OF RESPONSIBILITY--MAIN AUTHOR NAME
Personal name Edited by Laurence L. Brunton
245 #0 - TITLE STATEMENT
Title Goodman & Gilman’s the pharmacological basis of therapeutics
250 ## - EDITION / VOLUME STATEMENT
Edition / Volume statement 13th ed.
260 ## - PUBLICATION, DISTRIBUTION, ETC. (IMPRINT)
Place of publication New York
260 ## - PUBLICATION, DISTRIBUTION, ETC. (IMPRINT)
Name of publisher McGraw-Hill Medical
260 ## - PUBLICATION, DISTRIBUTION, ETC. (IMPRINT)
Year of publication 2018
300 ## - PHYSICAL DESCRIPTION
Number of Pages 1419 p
650 ## - SUBJECT ADDED ENTRY--TOPICAL TERM
Topical Term Pharmacological Phenomena Pharmaceutical Preparations Pharmacokinetics Drug Therapy
942 ## - ADDED ENTRY ELEMENTS (KOHA)
Koha item type Books
Holdings
Withdrawn status Lost status Source of classification or shelving scheme Damaged status Not for loan Permanent Location Current Location Shelving location Date acquired Accession Number Price effective from Koha item type
    Library of Congress Classification     NILE UNIVERSITY OF NIGERIA - MAIN LIBRARY NILE UNIVERSITY OF NIGERIA - MAIN LIBRARY Items on shelf 04/23/2025 0189034 04/23/2025 Books